| 000 | 00594nam a2200205 a 4500 | ||
|---|---|---|---|
| 001 | 000019242 | ||
| 005 | 20200929165947.0 | ||
| 008 | 100528s1991 cu 000 p spa d | ||
| 040 |
_aDO-SdBNP _bspa _cBNPHU |
||
| 082 |
_aCu861.44 _bL923p |
||
| 100 | 1 |
_aLoynaz, Dulce María, _d1903-1997 _99680 |
|
| 245 | 1 | 0 |
_aPoemas náufragos / _cDulce María Loynaz. |
| 260 |
_aLa Habana, Cuba : _bLetras Cubanas, _c1991. |
||
| 300 |
_a72, [1] p. ; _c19 cm. |
||
| 490 | 1 | _aGiraldilla | |
| 650 | 4 |
_aPoesía cubana _95226 |
|
| 650 | 4 |
_aLiteratura cubana _91483 |
|
| 830 | 0 |
_aGiraldilla _98904 |
|
| 049 | _aBNGR | ||
| 999 |
_c18760 _d18760 |
||